000 00618nam a2200229 a 4500
001 nice12345678
003 IN_TiNIC
005 20260116011828.0
008 050524s1946 hyda grp 000 0 eng
020 _a
_c100
082 0 0 _a027
_bOSM
100 _aOsmania University,
245 _aLiterary Service of the Compilation and Translation Bureau 1917-1946
260 _aHyderabad
_bOsmania University
_c1946
500 _aincludes index and biblioraphy
505 2 _aIndex
650 _aManuscripts-Library-Catalogue
700 1 _aOsmania University,
902 _bSRS
942 _cBK
999 _c4262
_d4262